| 000 | 01520nam a2200325 4500 | ||
|---|---|---|---|
| 001 | 0000023638 | ||
| 003 | CO-CtgCURN | ||
| 005 | 20250331185236.0 | ||
| 007 | ta | ||
| 008 | 160627s2010 000 0 eng d | ||
| 020 | _a9789562202398 | ||
| 040 |
_aCO-CtgCURN _bspa _ccoctgcurn |
||
| 082 | 0 |
_a618.92 _bSch652 |
|
| 100 | 1 | _aSchonhaut Berman, Luisa. | |
| 245 | 1 | 0 |
_aSemiología pediatrica : _bconociendo al niño sano / _cLuisa Schonhaut Berman. |
| 260 |
_aSantiago de Chile : _bMediterraneo, _c2010. |
||
| 300 | _a331 p. | ||
| 336 | _2rdacontent | ||
| 337 |
_2rdamedia _asin mediacion _bn |
||
| 338 |
_2rdacarrier _avolumen _bnc |
||
| 504 | _aIncluye indice bibliografico (p.331) | ||
| 505 | 8 | _aLa consulta pediatrica.--La entrevista pediatrica.--Aproximacion al examen fisico pediatrico.--Evaluacion del crecimiento y desarrollo.--Evaluacion del desarrollo pubertad.--Evaluacion del desarrollo psicomotor.--Examen fisico general.--Examen fisico de cabeza, cara y cuello.--Examen fisico del torax.--Examen fisico abdominal.--Examen fisico genitoanal.--Examen del sistema musculoesqueletico.--Examen neurologico pediatrico.--Evaluacion | |
| 650 | 1 | 4 |
_aEnfermedades en niños _vdiagnostico. |
| 700 | 1 | _aAssef Ceballos, Marcela. | |
| 908 | _a160627 | ||
| 942 |
_cBK _h618.92 _iSch652 _2ddc |
||
| 999 |
_c23781 _d23781 |
||